| 000 | 00711cam a2200229 4500 | ||
|---|---|---|---|
| 001 | ABS61961 | ||
| 008 | 000000n2000 000 0 eng u | ||
| 035 | _a(Sirsi) u104292 | ||
| 100 | _aThomas, D. | ||
| 245 | 4 | _aThe expanding world of environmental insurance | |
| 260 | _c2000 | ||
| 490 |
_aEnvironment Information Bulletin _v96 February 2000 11-13(3) |
||
| 520 | _aProvides an overview of the recent growth in the availability of, and demand for, specialist environmental insurance. | ||
| 590 | _aABS | ||
| 650 | _aRISK | ||
| 650 | _aLAND CONTAMINATION | ||
| 650 | _aREGENERATION | ||
| 650 | _aPOLLUTION | ||
| 650 | _aASSOCIATION OF BRITISH INSURERS | ||
| 690 |
_aInsurance _96249 |
||
| 942 | _n0 | ||
| 999 |
_c62571 _d62571 |
||